Datum a čas kvízu

29.5 Celkem bodů Celkový počet nahraných bodů na tomto kvízu bez doplňovacích otázek.
8. Pořadí na kvízu Konečné umístění týmu na tomto kvízu.

Zaznamenané odpovědi

# Otázka Odpověď Body Výsledky
1. V Rokycanech podal minulý týde... členy Ku-klux-klanu 1
2. Bývalý princ Andrew už o svůj... Princ William 1
3. Na snímku vidíme umělce jménem... Banksy 1
4. Ministryně financí Alena Schil... Kobra 1
5. Tereza Voborníková potvrdila s... v Oslu 0
1. Vítězné téma „vražedně“ těsnéh... Hercule Poirot 1
2. Půl bodu získáte za jméno fikt... Harry (Hieronymus) Bosch, Michael Connelly 0.5
3. Přiřaďte autory severských det... 1A 2D 3B 4C 0
4. Stopy, kořist, smrt, ticho, zl... Dokonalý (Dokonalá/Dokonalé) 0
5. Jednou z nejúspěšnějších český... Zmizela v mlze (Norsko), Ostrov šedých mnichů (Nizozemsko) 0